Statistics for Aston Villa Squad 2023-2024

Click here to take the quiz!

General Stats

  • This quiz has been taken 244 times
    (99 since last reset)
  • The average score is 23 of 31

Answer Stats

#PositionNationPlayer% Correct
1GKArgentinaEmiliano Martínez
100%
11FWEnglandOllie Watkins
99%
2DFPolandMatty Cash
97%
6MFBrazilDouglas Luiz
95%
7MFScotlandJohn McGinn
95%
31FWJamaicaLeon Bailey
95%
19FWFranceMoussa Diaby
95%
-CoachSpainUnai Emery
93%
3DFBrazilDiego Carlos
92%
4DFEnglandEzri Konsa
92%
5DFEnglandTyrone Mings
92%
8MFBelgiumYouri Tielemans
91%
14DFSpainPau Torres
89%
10FWArgentinaEmiliano Buendía
88%
12DFFranceLucas Digne
86%
22MFItalyNicolò Zaniolo
83%
9FWBurkina FasoBertrand Traoré
82%
25GKSwedenRobin Olsen
80%
15DFSpainÁlex Moreno
78%
44MFFranceBoubacar Kamara
76%
41MFEnglandJacob Ramsey
76%
32MFBelgiumLeander Dendoncker
74%
24FWColombiaJhon Durán
71%
17DFFranceClément Lenglet
54%
30DFEnglandKortney Hause
46%
27FWEnglandMorgan Rogers
46%
16DFEnglandCalum Chambers
45%
23FWBrazilPhilippe Coutinho
45%
47MFEnglandTim Iroegbunam
29%
18GKAustraliaJoe Gauci
18%
42GKPolandFilip Marschall
16%

Score Distribution

Percentile by Number Answered

Percent of People with Each Score

Your Score History

You have not taken this quiz since the last reset